The 2009 consultants' salary guide (Record no. 81479)

MARC details
000 -LEADER
fixed length control field 01184cab a22002055a 4500
001 - CONTROL NUMBER
control field L147310
008 - FIXED-LENGTH DATA ELEMENTS--GENERAL INFORMATION
fixed length control field 090428e20090424xxkad f s 000 0 eng d
035 ## - SYSTEM CONTROL NUMBER
System control number (Sirsi) u147310
041 0# - LANGUAGE CODE
Language code of text/sound track or separate title eng
100 1# - MAIN ENTRY--PERSONAL NAME
Personal name McMeeken, Roxane
245 04 - TITLE STATEMENT
Title The 2009 consultants' salary guide
260 ## - PUBLICATION, DISTRIBUTION, ETC.
Date of publication, distribution, etc. 2009
490 #0 - SERIES STATEMENT
Series statement Building
Volume/sequential designation 274 (8576) 24 April 2009, 44-49 (6)
520 ## - SUMMARY, ETC.
Summary, etc. Discusses results from the 2009 "Hays Construction and Property" consultants' salary guide. Reveals that due to the current recession, most firms are not recruiting and salaries are reduced. Salary tables show: top five salary increases between April 2008 and 2009; top five salary decreases between April 2008 and 2009; average pay for water engineers, structural engineers, civil and structural CAD technicians, architects, architectural CAD technicians, architectural technologists, interior designers, landscape architects, quantity surveyors, and building surveyors. Salaries are broken down by UK region.
590 ## - LOCAL NOTE (RLIN)
Local note KA
650 24 - SUBJECT ADDED ENTRY--TOPICAL TERM
Topical term or geographic name entry element HAYS CONSTRUCTION/PROPERTY CONSULTANTS' SALARY GUIDE
651 #4 - SUBJECT ADDED ENTRY--GEOGRAPHIC NAME
Geographic name United Kingdom
Chronological subdivision
690 ## - LOCAL SUBJECT ADDED ENTRY--TOPICAL TERM (OCLC, RLIN)
Topical term or geographic name as entry element CAREERS, EDUCATION AND TRAINING-SURVEYING APPOINTMENTS
942 ## - ADDED ENTRY ELEMENTS (KOHA)
Suppress in OPAC 0
Holdings
Withdrawn status Lost status Source of classification or shelving scheme Damaged status Not for loan Home library Current library Shelving location Date acquired Total Checkouts Full call number Barcode Date last seen Copy number Price effective from Koha item type
    Dewey Decimal Classification     London London Journal article 28/04/2009   L147310 147310-1001 06/08/2019 1 06/08/2019 Journal article